Side by side

Shranjeno v:
Bibliografske podrobnosti
Glavni avtor: Molinsky, Steven J.
Format: Knjiga
Jezik:Undetermined
Izdano: New Jersey Prentice- Hall
Teme:
Oznake: Označite
Brez oznak, prvi označite!
Thư viện lưu trữ: Trung tâm Học liệu Trường Đại học Cần Thơ
LEADER 00497nam a2200181Ia 4500
001 CTU_121547
008 210402s9999 xx 000 0 und d
082 |a 428.34 
082 |b M723/Vid.1B 
100 |a Molinsky, Steven J. 
245 0 |a Side by side 
245 0 |c Steven J. Molinsky, Bill Bliss 
260 |a New Jersey 
260 |b Prentice- Hall 
650 |a English language 
650 |x Study and teaching 
904 |i M.Loan 
980 |a Trung tâm Học liệu Trường Đại học Cần Thơ